000 02602cam a2200493 a 4500
001 16833553
003 OSt
005 20240214154750.0
008 110610s2010 gw a c 000 0 chi d
010 _a 2011454863
020 _a9783869221281 (Contemporary Green Buildings)
020 _a9783869221298 (Catalogue Updating China)
020 _a3869221291 (Catalogue Updating China)
020 _a3869221283
035 _a(OCoLC)ocn724297230
040 _aMNU
_cMNU
_dCOA
_dCUS
_dDHT
_dUAT
_dAU@
_dDLC
041 0 _achi
_ager
_aeng
042 _alccopycat
043 _aa-cc---
050 0 0 _aNA2542.36
_b.U63 2010
082 _a720
_bCON
084 _a720
_2sdnb
084 _aLO 89420
_2rvk
245 0 0 _aContemporary green buildings in China :
_bArt and architecture for sustainability 2000-2020/
_cEdited by Li Xiangning, Christian Dubrau.
246 1 4 _aContemporary green buildings in China :
_bart and architecture for sustainability, 2000-2020
246 3 1 _aUpdating China
246 3 1 _aNachhaltiges Planen und Bauen in China
260 _aBerlin :
_bDOM Publishers,
_cc2010.
300 _a335 p. :
_bcol. ill. ;
_c29 cm.
500 _aNon-Latin script record
520 8 _aChina is going through massive changes at the moment ranging from economy and society to culture. The bilt environment is definitely also part of this. Was it just four years back only about bringing prestigious names and projects into the country has this evolved into a wide ranging ecology and sustainability trend. Probably fueled by the western input, Cina has leapfrogged directly into the sustainability discussion and this directly influences the project planing and delivery.
546 _aChinese, German, and English.
650 0 _aSustainable architecture
_zChina
_vExhibitions.
_9120405
650 0 _aSustainable buildings
_zChina
_vExhibitions.
_9120406
650 0 _aArchitecture
_zChina
_xHistory
_y21st century.
_9120407
650 0 _aArchitecture
_xEnvironmental aspects
_zChina.
_9120408
700 1 _aLi, Xiangning.
_9120409
700 1 _aDubrau, Christian,
_d1978-
_9120410
856 4 2 _3Publisher description
_uhttp://www.loc.gov/catdir/enhancements/fy1208/2011454863-d.html
880 0 0 _6245-01
_a更新中国 :
_b为了一个可持续的未来 = Updating China : projects for a sustainable future = Nachhaltiges Planen und Bauen in China /
_ccurated by Li Xiangning ; edited by Li Xiangning, Christian Dubrau.
906 _a7
_bcbc
_ccopycat
_d3
_encip
_f20
_gy-nonroman
942 _2ddc
_cBK
999 _c607720
_d607720